|
|
|
|
| LEADER |
00000naa2a2200000 4500 |
| 001 |
154211 |
| 005 |
20231031151807.0 |
| 035 |
|
|
|a (RuTPU)RU\TPU\book\167272
|
| 090 |
|
|
|a 154211
|
| 100 |
|
|
|a 20090224d1992 k y0rusy50 ca
|
| 101 |
0 |
|
|a rus
|
| 102 |
|
|
|a RU
|
| 200 |
1 |
|
|a Подготовка геологических кадров в Томском политехническом институте
|f С. Л. Шварцев
|
| 463 |
|
0 |
|0 (RuTPU)RU\TPU\book\31922
|y 5-02-029533-7
|t В. А. Обручев - ученый, педагог, гражданин
|o сборник научных трудов
|f Российская академия наук; Сибирское отделение РАН; Объединенный институт геологии, геофизики и минералогии; Томский политехнический университет; Отв. ред. В. А. Соловьев, Ю. П. Казанский
|v С. 103-117
|d 1992
|p 142 с.
|
| 610 |
1 |
|
|a труды учёных ТПУ
|
| 700 |
|
1 |
|a Шварцев
|b С. Л.
|c российский гидрогеолог, доктор геолого-минералогических наук
|c профессор Томского политехнического университета, академик РАЕН
|f 1936-
|g Степан Львович
|2 stltpush
|3 (RuTPU)RU\TPU\pers\25914
|
| 801 |
|
1 |
|a RU
|b 63413507
|c 20090224
|g PSBO
|
| 801 |
|
2 |
|a RU
|b 63413507
|c 20100519
|g PSBO
|
| 942 |
|
|
|c BK
|